[Event "London Classic 3rd"]
[Site "London"]
[Date "2011.12.06"]
[Round "4"]
[White "Anand, Viswanathan"]
[Black "Nakamura, Hikaru"]
[Result "0-1"]
[WhiteElo "2811"]
[BlackElo "2758"]
[Annotator "RR"]
[PlyCount "98"]
[EventDate "2011.12.03"]
[EventType "tourn"]
[EventRounds "9"]
[EventCountry "ENG"]
[EventCategory "20"]
[SourceTitle "CBM 146"]
[Source "ChessBase"]
[SourceDate "2012.01.18"]
[SourceVersion "1"]
[SourceVersionDate "2012.01.18"]
[SourceQuality "1"]

1. d4 Nf6 2. c4 g6 3. Nc3 Bg7 4. e4 d6 5. Nf3 O-O 6. Be2 e5 7. O-O Nc6 8. d5
Ne7 9. b4 Ne8 10. c5 f5 11. Nd2 Nf6 12. a4 g5 13. Nc4 h6 14. f3 f4 15. Ba3 Ng6
16. b5 dxc5 17. Bxc5 Rf7 18. a5 h5 19. b6 g4 20. Nb5 cxb6 21. axb6 g3 22. Kh1
Bf8 23. d6 a6 24. Nc7 Rb8 25. Na5 Kh8 26. Bc4 Rg7 27. Ne6 Bxe6 28. Bxe6 gxh2
29. Nc4 $2 (29. Rc1 Nd7 30. Bf2 $18) 29... Qe8 $11 30. Bd5 h4 31. Rf2 h3 32.
gxh3 Rc8 33. Ra5 $6 (33. d7 Qxd7 34. Bxf8 $17) 33... Nh4 $19 34. Kxh2 $2 (34.
Rxh2 Nxd5) 34... Nd7 $2 (34... Nxd5 35. exd5 Qg6 $19) 35. Bb4 $17 Rg3 36. Qf1
Qh5 37. Ra3 a5 $6 (37... Nxb6 $1 38. Rc3 Nxd5 $19) 38. Be1 $11 Rxc4 39. Bxc4
Bxd6 40. Rxa5 $2 (40. Rd3 Bc5 41. Be6 $11) 40... Bc5 $19 41. Be2 Bxb6 42. Rb5
Bd4 $2 (42... Bxf2 43. Bxf2 Nxf3+ $19) 43. Bd1 $2 (43. Rd5 Nf6 44. Rd8+ $17)
43... Bxf2 $19 44. Bxf2 Nxf3+ 45. Bxf3 Qxf3 46. Rb1 Rg6 47. Rxb7 Nf6 48. Rb8+
Kh7 49. Rb7+ Kh6 0-1

[Event "Reggio Emilia 54th"]
[Site "Reggio Emilia"]
[Date "2011.12.31"]
[Round "5"]
[White "Nakamura, Hikaru"]
[Black "Ivanchuk, Vassily"]
[Result "1-0"]
[WhiteElo "2758"]
[BlackElo "2775"]
[Annotator "Marin,M"]
[PlyCount "113"]
[EventDate "2011.12.27"]
[EventType "tourn"]
[EventRounds "10"]
[EventCountry "ITA"]
[EventCategory "20"]
[SourceTitle "CBM 146"]
[Source "ChessBase"]
[SourceDate "2012.01.18"]
[SourceVersion "1"]
[SourceVersionDate "2012.01.18"]
[SourceQuality "1"]

1. c4 Nf6 2. Nc3 e5 3. g3 Bb4 4. Nf3 Bxc3 (4... Qe7 {was played in Nakamura,H 
(2758)-Caruana,F (2727) Reggio Emilia 2011 CBM 146 [Marin] (1/2, 43). In my
comments to that game I also mentioned some subtleties of the move order
chosen by White.}) 5. bxc3 d6 (5... e4 {1/2 Kamsky,G (2714)-Gelfand,B (2736)/
Moscow 2007/CBM 122/[Marin,M] (29)}) 6. Bg2 O-O 7. O-O Re8 {Black plays a
flexible game, delaying the development of his queen's knight. White has to
permanently count with the threat ...e4. With the knight on c6, this would be
slightly less effective, because of the pressure created by Nf3-d4.} 8. Ne1 $5
(8. d4 Nbd7 ({After the weakening of the c4-square, I would consider} 8... e4
$5 {fighting for a blockade on the light squares.}) 9. Qc2 Qe7 (9... e4 $5) 10.
e4 $5 exd4 11. cxd4 Qxe4 12. Qb3 Qe7 13. Re1 Qd8 14. Rxe8+ Qxe8 15. Bf4 h6 16.
a4 a5 17. c5 $44 {Rechlis,G (2473)-Tunik,G (2473)/Israel 2008/EXT 2009 (1/2,
22)}) (8. d3 e4 {The critical continuation.} (8... Nbd7 9. e4 {offers White
the possibility of building up a strong centre, with chances for an advantage.}
c6 10. Nh4 Qa5 11. Qc2 d5 12. cxd5 cxd5 13. exd5 Nxd5 14. c4 Ne7 15. Bb2 Nc6
16. Rfe1 $14 {Shahtahtinsky,A (2380)-Ibragimov,I (2550)/Ano Liosia 1993/EXT
1997 (1/2, 78)}) 9. Ng5 (9. Nd4 Nbd7 {[%cal Gd7c5]}) 9... exd3 10. exd3 Nbd7
11. Rb1 Rb8 {Black's position looks completely normal, but he is slightly
underdeveloped. This gives White the possibility of starting a surprisingly
dangerous kingside attack.} 12. Rb2 $1 {A typical way of activating the rook,
for its later transfer to the kingside.} b6 13. f4 Bb7 14. Bxb7 Rxb7 15. Qf3
Qa8 {Neutralising the pressure along the long diagonal has cost Black some
additional time.} 16. g4 $1 {The first signal to the real attack, clearing the
third rank for the queen at the same time.} Rbb8 17. Qh3 Nc5 18. Rg2 (18. Nxf7
$5 Kxf7 19. g5 Nfd7 20. f5 $44) 18... d5 (18... Re7 19. Be3 Rbe8 20. Bd4 Ncd7
21. Nf3 c5 22. g5 $36) 19. Be3 (19. Nxf7 Kxf7 20. g5 $36) 19... Ncd7 20. Bd4 (
20. Nxf7 $5) 20... dxc4 21. Nxf7 {Finally!} Kxf7 22. g5 Qc6 23. dxc4 $44 {
Khismatullin,D (2601)-Efimenko,Z (2682)/Dagomys 2009/CBM 130 (1/2, 52)}) 8...
c6 (8... Nc6 {would transpose back to lines with an earlier ...Nc6. The
absence of the threat of ...d5 allows White to consolidate his spatial
advantage.} 9. e4 a6 (9... Nd7 10. d3 Nc5 11. f4 exf4 12. Bxf4 f5 13. Qh5 g6
14. Qh6 $36 {Sengupta,D (2563)-Bryzgalin,K (2469)/Pardubice 2011 (1-0, 25)})
10. a4 Rb8 11. Rb1 Bd7 12. d3 Na5 13. f4 h6 14. c5 b6 15. cxd6 cxd6 16. Nf3 $36
{Jobava,B (2669)-Kobalia,M (2634)/Budva 2009/CBM 130 (1-0, 39)}) 9. d3 h6 (9...
d5 $6 {is premature.} 10. cxd5 cxd5 11. Bg5 {Black has no favourable way of
avoiding the spoiling his kingside structure.} Be6 12. Rb1 b6 13. c4 $14) 10.
Rb1 d5 11. Qb3 b6 $1 {Neutralising the pressure along the b-file.} (11... Na6
12. cxd5 cxd5 13. Ba3 $5 {[%csl Ga6]}) (11... Nbd7 12. cxd5 cxd5 13. Ba3 $14 {
[%csl Gd7]}) (11... dxc4 12. Qxc4 Be6 13. Qh4 b5 14. a4 a6 15. Nc2 $14) 12.
cxd5 {This is a small success for Black, who will get the c6-square for his
knight.} (12. Nc2 Be6 (12... dxc4 13. Qxc4 Be6 14. Qa4 Bd5 15. e4 $14) 13. Ne3
dxc4 14. dxc4 e4 15. Rd1 Qc8 16. Ba3 c5 (16... Bh3 {achieves little after} 17.
Bh1) 17. Nd5 Nbd7 $13 {White's position looks active, but he needs time to
recycle his a3-bishop.}) 12... cxd5 13. Nc2 Nc6 14. h3 $6 {I cannot understand
this move, giving away a tempo and weakening the kingside.} (14. Ne3 Be6 15. f4
d4 16. Qb5 $13) 14... Bb7 15. Nb4 Na5 16. Qb2 d4 17. c4 Rc8 18. Bxb7 Nxb7 $15 {
Black's opening has been a complete success. He has exchanged the active
g2-bishop and neutralised the other, he has a lead in development and more
space.} 19. e4 {[%csl Gd5] Fighting for space, but weakening his position even
more.} dxe3 20. Bxe3 Qd7 21. Kh2 Nd6 22. Rbc1 Nf5 23. Rfd1 h5 24. Qe2 h4 $40
25. Nc2 (25. g4 Nxe3 26. Qxe3 Qd6 $17 {[%cal Gd6b4,Gd6h2,Re5e4]}) 25... b5 {
Opening a second active front, in the best classic fashion.} 26. Qf3 bxc4 27.
dxc4 hxg3+ 28. fxg3 Qe6 29. c5 Red8 30. Bf2 e4 31. Qb3 Qe5 32. Ne3 Rxd1 33.
Qxd1 Rxc5 $1 $17 34. Nc4 {White probably thought that this double attack would
keep the c5-pawn defended indirectly, but he was wrong.} Qc7 35. Bxc5 Qxg3+ $1
$40 {A winning rook sacrifice, which should have crowned a well played game.}
36. Kh1 Qxh3+ 37. Kg1 Qg3+ $2 $44 ({He should have simply brought his knights
closer to the king.} 37... Ng4 $1 $19 38. Qe2 Nh4 39. Nd2 Qg3+ 40. Kh1 Nf3 $1 {
The effects of this move were not easy to anticipate a few moves earlier.} ({
However, he had a safety net in view of} 40... Qh3+ {, with a draw by
perpetual.}) 41. Nxf3 exf3 42. Qe8+ (42. Qd2 f2 $19) 42... Kh7 43. Rc2 f2 44.
Rxf2 {Sadly, there is nothing better than that.} Nxf2+ 45. Bxf2 Qxf2 $19 {
With "just" a winning queen ending.}) 38. Kf1 $1 Ng4 (38... e3 $44) (38... Qf4+
39. Ke1 e3 $44) 39. Qd8+ Kh7 40. Qd5 Qf3+ $2 $16 {The king escapes now
definitively.} (40... Nh2+ 41. Ke2 Nd4+ $3 {A brilliant move, forcing White to
either obstruct the d-file, or place the queen on a vulnerable square.} 42.
Qxd4 (42. Bxd4 Qf3+ 43. Ke1 Qf1+ 44. Kd2 Qd3+ $11) 42... Qg4+ 43. Ke3 Qg3+ (
43... Qf3+ $2 44. Kd2 $18) 44. Kxe4 ({One of the points behind 41...Nd4!!+ is
that} 44. Kd2 $2 {loses the queen to} Nf3+) 44... Qf3+ 45. Ke5 Qf6+ $1 $11 {
White has to take the perpetual, since} 46. Kd5 $2 {leads to an unexpected
finish:} Qe6#) 41. Ke1 Ng3 42. Rc2 f5 43. Kd2 $16 {With good winning chances
already.} Nf6 44. Qd8 Ne2 45. Ke1 f4 46. Rxe2 Qc3+ 47. Kd1 Qxc4 48. Qd4 Qb5 49.
Rh2+ Kg6 50. Kc2 a5 51. Be7 Qc6+ 52. Qc5 Qa4+ 53. Kc1 f3 54. Bxf6 Kxf6 55. Rd2
g6 56. Rd6+ Kg7 57. Rd8 1-0

[Event "Moscow Tal Memorial 7th"]
[Site "Moscow"]
[Date "2012.06.14"]
[Round "6"]
[White "Morozevich, Alexander"]
[Black "Nakamura, Hikaru"]
[Result "0-1"]
[WhiteElo "2769"]
[BlackElo "2775"]
[Annotator "Edouard,R"]
[PlyCount "94"]
[EventDate "2012.06.08"]
[EventType "tourn"]
[EventRounds "9"]
[EventCountry "RUS"]
[EventCategory "22"]
[SourceTitle "CBM 149"]
[Source "ChessBase"]
[SourceDate "2012.07.17"]
[SourceVersion "1"]
[SourceVersionDate "2012.07.17"]
[SourceQuality "1"]
[TimeControl "6000+30"]

1. d4 d5 2. c4 dxc4 3. e4 {Nowadays almost the most famous move against Queens
Gambit Accepted.} Nf6 {One of the most popular defences against the 3.e4
attack.} 4. e5 Nd5 5. Bxc4 Nb6 6. Bd3 (6. Bb3 $5 {is the other possibility.})
6... Nc6 7. Ne2 Bg4 8. f3 Be6 (8... Bh5 {which is the engine suggestion, has
also been tried in the past:} 9. Nbc3 (9. e6 fxe6 10. Nbc3 Qd7 11. Bf4 g5 $1
12. Bxg5 {was played in Al Sayed-Filippov (2010) while here probably} O-O-O {
[%cal Gh8g8] would have been best, with an unclear position.}) 9... e6 10. Be4
$5 (10. Bb5 $5 {An interesting idea played only once in 2011.} Qd7 {(maybe not
the best reaction)} 11. h4 $1 f6 12. exf6 gxf6 13. Ne4 Be7 14. Bf4 Rg8 15. Kf2
$5 O-O-O 16. Rc1 Qd5 17. Bxc6 bxc6 18. Qd3 $40 {1-0 (44) Evdokimov,A (2533)
-Papin,V (2569) Armavir RUS 2011}) 10... Bg6 11. O-O Be7 12. Be3 O-O 13. Bf2
Qd7 14. Nf4 {was unpleasant for Black in Wojtaszek-Socko (2009).}) 9. Nbc3 Qd7
(9... Bc4 {used to be sort of a main move:} 10. Bxc4 Nxc4 11. Qb3 Nb6 12. Be3
$1 (12. e6 fxe6 {followed by ...Qd7 was proven to be rather fine for Black.})
12... e6 13. O-O Nb4 (13... Qd7 14. Rad1 Nb4 15. Nf4 c6 16. Nh5 $16 {1-0 (44)
Kasimdzhanov,R (2678)-Ismagambetov,A (2500) UZB 2011}) 14. f4 $5 {[%cal Gf4f5]}
(14. Nf4 $5) 14... N4d5 15. Bd2 Qd7 16. a4 a5 17. Ne4 Bb4 $6 (17... Be7 18. Nc5
$14) 18. Nc5 Qc8 $6 19. Bxb4 Nxb4 20. f5 $1 exf5 21. e6 $18 {1-0 (25) Edouard,
R (2617)-Sumets,A (2614) FRA 2010}) 10. Ne4 Bd5 11. Nc5 Qc8 12. a3 e6 13. Qc2
Bxc5 14. dxc5 {An interesting treatment of the position, which is almost new,
but that should objectively be wrong.} ({Normally White goes} 14. Qxc5 Qd7 15.
O-O (15. Bg5 $5 h6 16. Be3 Qe7 17. Qc3 Qh4+ 18. Bf2 Qg5 19. Kf1 $5 h5 20. h4
Qe7 21. b4 a6 22. Nf4 $40 {1-0 (38) Zherebukh,Y (2541)-Tzermiadianos,A (2447)
Budapest HUN 2009}) 15... a6 16. Qc3 Ne7 {followed by ...Bc6, and Black is
extremely solid, though after} 17. b3 Bc6 18. a4 {White is supposed to be a
little bit better (after all, Black can put only one piece on the d5-square!).}
) 14... Nd7 15. f4 Bxg2 (15... Qd8 $1 {with the idea of} 16. O-O Bb3 $1 {
followed by ...Nxc5 seems immediately good for Black:} 17. Qc3 Nxc5 18. Bb5 Qd5
$8 {and probably Black is just better, e.g.} 19. Be3 Ne4 20. Bxc6+ bxc6 21. Qc1
O-O 22. Nd4 Ba4 23. b3 c5 24. Nxe6 fxe6 25. bxa4 Rad8 $15 {It is quite likely
that Morozevich studied the position after 14.dxc5 and thought chances his
opponent doesn't find 15...Qd8 were quite high, while after the text move
White has interesting ideas.}) 16. Rg1 Bf3 $5 17. Be3 $5 {White wants to
castle long as fast as possible in order to launch an attack, since for the
moment it is not so clear where Black is going to castle.} (17. Rxg7 Qd8 {
followed by ...Qh4, ...0-0-0 should be fine for Black.}) 17... g6 18. O-O-O Ne7
19. Be4 $5 {Black's bishop is a strong defensive piece, so it is obviously
interesting to get rid off it immediately, though not so logical purely
strategically speaking.} (19. Rg3 Bxe2 $5 ({The more logical} 19... Bd5 {
followed by ...c6, ...Qc7, ...0-0-0, also seems quite unclear to me.}) 20. Bxe2
c6 21. Rd6 {looks unpleasant for Black, but after} Nf5 22. Rh3 b6 {it may
happen that White is not better at all! For instance:} 23. cxb6 Nxd6 24. exd6
Nxb6 25. f5 gxf5 26. Bd4 Kd7 $132) 19... Bxe4 20. Qxe4 b6 $5 {Black needs to
find counterplay somewhere!} (20... Nd5 $5) 21. Nc3 O-O ({The less human} 21...
c6 {also makes sense:} 22. Qf3 Nd5 23. Ne4 O-O 24. cxb6 axb6 25. h4 Qa6 $1 {
and Black will go ...Nc5 at some point and White's attack might just be too
slow.}) 22. c6 Nb8 23. f5 $1 {A natural way to get counterplay. Now Black's
position is most probably fine, but unpleasant.} Nxf5 ({After} 23... Nbxc6 24.
Bg5 {White obviously has huge compensations.}) 24. Bg5 Qe8 {Black has to hurry
up not to get mated!} 25. Qf4 $5 ({The natural} 25. Rd8 {is just a draw:} Qxd8
(25... Qxc6 $2 26. Rxb8 Qxe4 27. Rxf8+ Kxf8 28. Nxe4 $16) 26. Bxd8 Rxd8 27. Nb5
a6 28. Nxc7 Ra7 29. Na8 Nxc6 30. Qxc6 Raxa8 31. Qxb6 Rdb8 $11) 25... f6 {
The most natural move, but objectively maybe a bit dubious.} (25... Qxc6 26.
Kb1 {followed by Ne4, h4, obviously gives White a strong attack, but the
position mayb be holdable for Black, e.g.} Nd7 27. Ne4 Nc5 28. Nf6+ Kh8 29. Qg4
Rg8 $1 {and after} 30. Qh3 Rg7 31. Bh6 Nxh6 32. Qxh6 {White can make a draw at
any moment (e.g. Nh5-f6) but probably nothing more.}) 26. Bxf6 Qxc6 27. Kb1 Nd7
28. Ne4 {Black's position is already very unpleasant.} Nc5 $2 (28... Rf7 $1 {
should be best:} 29. h4 $1 (29. Ng5 $6 Nxf6 $1 30. Nxf7 Nd5 31. Nh6+ Kh8 $132)
29... Nc5 30. Nf2 $1 (30. Ng5 $2 Rd7 $15) 30... Rd7 31. Rxd7 Qxd7 32. h5 {
and after} Qd4 33. Qxd4 Nxd4 34. hxg6 hxg6 35. Rh1 Rf8 $8 36. Rh8+ Kf7 37. Rh7+
Ke8 38. Rxc7 a5 {White is better but Black might be able to make a draw.}) 29.
Nxc5 $2 {A strange move, but of course this position is extremely difficult to
play for both sides.} ({After} 29. Ng5 $1 h6 (29... Nd7 $2 30. Rc1 $40) 30. h4
$1 {I believe Black has serious problems, e.g.} Qe8 (30... hxg5 31. Qxg5 Qe4+
32. Ka2 $1 Rf7 (32... Qc4+ 33. Ka1 Nb3+ 34. Kb1 $18) 33. Qxg6+ Ng7 34. Qxg7+ $1
{(not the only winning move, but definitely the strongest and most beautiful
one!)} Rxg7 35. Rxg7+ Kf8 36. Rdg1 Qc4+ 37. Kb1 Qe4+ 38. Ka1 Nb3+ 39. Ka2 $18)
(30... Rae8 31. h5 $18 {[%cal Gg5h3,Gg5f3]}) 31. Nh3 Kh7 32. h5 Rg8 $8 (32...
g5 $2 33. Rxg5 $1 hxg5 34. Nxg5+ Kg8 35. Rg1 $18) 33. hxg6+ Rxg6 34. Qf3 $1 {
and White wins, e.g.} Rb8 35. Ka2 $1 Rxg1 36. Rxg1 Qd7 37. Ng5+ hxg5 38. Qh5+
Nh6 39. Bxg5 Qd5+ 40. Ka1 Nb3+ 41. Kb1 Qd3+ 42. Ka2 Qg6 43. Qh1 Nd4 44. Be3 $18
) 29... bxc5 {Suddenly Black is completely fine.} 30. h4 Rf7 (30... Rab8 $1 {
was very strong, since after} 31. h5 $6 c4 $1 32. hxg6 h6 {followed by ...c3
White is just totally lost.}) 31. h5 Rd7 $8 32. hxg6 h6 {The right idea, but
only sort of drawing, while it could have been killing in the event of 30...
Rab8.} 33. Rxd7 Qxd7 34. Qf3 Rb8 35. Rd1 Qe8 36. Rd2 c4 37. Ka2 a5 {The
position was about equal again, but White suddenly made a big mistake.} 38. Qd1
$2 ({After something like} 38. Qc3 Qa4 39. Ka1 {nothing would happen.}) 38...
c3 $1 {White should never have allowed such a move.} 39. bxc3 Ne3 40. Qe2 $2 {
The last mistake!} (40. Qc1 Qxg6 $17) 40... Nd5 41. Qd3 a4 $1 $19 {Now White
is lost.} 42. Rb2 Rxb2+ 43. Kxb2 Qb8+ 44. Kc1 Qb3 45. Qa6 Qxc3+ 46. Kd1 Ne3+
47. Ke2 Qc4+ 0-1

[Event "Biel GM 45th"]
[Site "Biel"]
[Date "2012.07.26"]
[Round "4"]
[White "Bologan, Viktor"]
[Black "Nakamura, Hikaru"]
[Result "0-1"]
[WhiteElo "2732"]
[BlackElo "2778"]
[PlyCount "162"]
[EventDate "2012.07.23"]
[EventType "tourn"]
[EventRounds "10"]
[EventCountry "SUI"]
[EventCategory "21"]
[SourceTitle "CBM 150"]
[Source "ChessBase"]
[SourceDate "2012.09.14"]
[SourceVersion "1"]
[SourceVersionDate "2012.09.14"]
[SourceQuality "1"]

1. d4 d5 2. c4 dxc4 3. e4 Nf6 4. e5 Nd5 5. Bxc4 Nb6 6. Bb3 Nc6 7. Be3 Bf5 8.
Ne2 e6 9. Nbc3 Qd7 10. a3 O-O-O 11. Rc1 Kb8 12. O-O Qe8 13. Ba4 Nxa4 14. Qxa4
Bd3 15. d5 exd5 16. Rfd1 Bxe2 17. Nxe2 Be7 18. Rxc6 Qxc6 19. Qxa7+ Kc8 20. Nd4
Qa6 21. Qxa6 bxa6 22. Nc6 Rd7 23. b4 Kb7 24. Rc1 d4 25. Bxd4 f6 26. f4 fxe5 27.
fxe5 Bg5 28. Rc4 Re8 29. Kf2 Rf7+ 30. Ke2 Re6 31. Na5+ Kc8 32. g3 Rh6 33. h4
Bd8 34. Be3 Re6 35. Bf4 Bf6 36. Re4 Rfe7 37. Nc4 g6 38. Re3 Bg7 39. Kf3 Rc6 40.
Na5 Rce6 41. Nc4 h6 42. g4 Rd7 43. Ke4 Bf8 44. Rf3 Rf7 45. Rc3 Rd7 46. Be3 Kd8
47. Rb3 Ke8 48. h5 gxh5 49. gxh5 Rc6 50. Nb2 Rc2 51. Bf4 Rf7 52. a4 Re2+ 53.
Be3 Rf1 54. Nd3 Be7 55. Nf4 Ra2 56. Nd5 Bd8 57. a5 c6 58. Nf4 Rh2 59. Ne6 Rh4+
60. Kd3 Rd1+ 61. Kc2 Re1 62. Rd3 Bg5 63. Nc7+ Ke7 64. Bc5+ Kf7 65. Nxa6 Rh2+
66. Kb3 Rb1+ 67. Kc4 Rh4+ 68. Kc3 Ra1 69. Kb2 Rhh1 70. Nb8 Rhb1+ 71. Kc3 Rc1+
72. Kd4 Ke6 73. Nxc6 Rc2 74. Ke4 Re1+ 75. Kf3 Rf1+ 76. Kg4 Rg2+ 77. Kh3 Ra2 78.
a6 Kf5 79. Nd4+ Ke4 80. Rf3 Rh1+ 81. Kg3 Bh4+ 0-1

[Event "Biel GM 45th"]
[Site "Biel"]
[Date "2012.08.02"]
[Round "10"]
[White "Nakamura, Hikaru"]
[Black "Bologan, Viktor"]
[Result "1-0"]
[WhiteElo "2778"]
[BlackElo "2732"]
[PlyCount "115"]
[EventDate "2012.07.23"]
[EventType "tourn"]
[EventRounds "10"]
[EventCountry "SUI"]
[EventCategory "21"]
[SourceTitle "CBM 150"]
[Source "ChessBase"]
[SourceDate "2012.09.14"]
[SourceVersion "1"]
[SourceVersionDate "2012.09.14"]
[SourceQuality "1"]

1. d4 Nf6 2. c4 c5 3. d5 b5 4. cxb5 a6 5. bxa6 g6 6. Nc3 Bxa6 7. e4 Bxf1 8.
Kxf1 d6 9. Nf3 Bg7 10. g3 O-O 11. Kg2 Nbd7 12. a4 Qb6 13. Qe2 Rfb8 14. Bd2 Ne8
15. Rhb1 Nc7 16. Nd1 Qa6 17. Qxa6 Rxa6 18. a5 f5 19. exf5 Nxd5 20. fxg6 hxg6
21. Ra4 Nb4 22. Ne3 Rb5 23. b3 e6 24. Bxb4 Rxb4 25. Rxb4 cxb4 26. Rc1 Nc5 27.
Rc4 Bc3 28. Nd1 Nxb3 29. Nxc3 bxc3 30. Rxc3 Nc5 31. Ra3 e5 32. Nd2 d5 33. Nf3
Nd7 34. Ne1 Nb8 35. Rb3 Nc6 36. Rb6 Rxb6 37. axb6 Kf7 38. b7 Ke6 39. h4 Kd6 40.
g4 e4 41. h5 gxh5 42. gxh5 Kc7 43. h6 Ne5 44. h7 Nf7 45. Kg3 Kxb7 46. Nc2 Kc6
47. Kf4 Kd6 48. Kf5 Ke7 49. Kg6 Kf8 50. Kf6 Nh8 51. Nd4 Ke8 52. Kg7 Ke7 53.
Kxh8 Kf8 54. Ne2 Kf7 55. Nc3 d4 56. Nxe4 d3 57. Nd2 Kf8 58. Nf3 1-0

[Event "Olympiad-40"]
[Site "Istanbul"]
[Date "2012.09.06"]
[Round "9.1"]
[White "Nakamura, Hikaru"]
[Black "Kramnik, Vladimir"]
[Result "1-0"]
[WhiteElo "2778"]
[BlackElo "2797"]
[PlyCount "159"]
[EventDate "2012.08.28"]
[EventType "team-swiss"]
[EventRounds "11"]
[EventCountry "TUR"]
[SourceTitle "CBM 151"]
[Source "ChessBase"]
[SourceDate "2012.11.13"]
[SourceVersion "1"]
[SourceVersionDate "2012.11.13"]
[SourceQuality "1"]
[WhiteTeam "US of America"]
[BlackTeam "Russia"]
[WhiteTeamCountry "USA"]
[BlackTeamCountry "RUS"]

1. Nf3 Nf6 2. g3 g6 3. Bg2 Bg7 4. c4 c6 5. d4 d5 6. cxd5 cxd5 7. Nc3 Ne4 8. Qb3
Nxc3 9. bxc3 O-O 10. Nd2 e6 11. e4 Nc6 12. O-O Na5 13. Qd1 Qc7 14. Qf3 b6 15.
Ba3 Rd8 16. e5 Ba6 17. Rfe1 Rac8 18. Bb4 Bh6 19. Qd1 Nc6 20. Ba3 Na5 21. Bb4
Nc6 22. Ba3 Na5 23. Nb1 b5 24. h4 Nc6 25. Bc5 Qb8 26. Qe2 Na5 27. Nd2 Rxc5 28.
dxc5 Qc8 29. Nf3 Qxc5 30. Nh2 Bg7 31. h5 g5 32. h6 Bxh6 33. Qh5 Bg7 34. Qxg5
Nc6 35. Ng4 Qe7 36. Qxe7 Nxe7 37. a4 d4 38. axb5 Bxb5 39. Rxa7 d3 40. Rxe7 d2
41. Rd1 Be2 42. Ne3 Bxe5 43. c4 h5 44. Ra7 h4 45. Ra2 Bxd1 46. Nxd1 hxg3 47.
fxg3 Bxg3 48. c5 f5 49. Ra7 e5 50. c6 e4 51. Bh3 Rc8 52. Ra6 Rf8 53. Ra5 f4 54.
Kf1 e3 55. Ke2 Rf6 56. Ra8+ Kg7 57. Ra7+ Rf7 58. Rb7 Kf6 59. Kf3 Re7 60. Rxe7
Kxe7 61. c7 e2 62. c8=N+ Kf6 63. Kxe2 Ke5 64. Nb6 Kd4 65. Bg2 Be1 66. Nd5 Ke5
67. Nb4 Bh4 68. Nd3+ Kf5 69. Kxd2 Kg4 70. Ke2 Bf6 71. N1f2+ Kg3 72. Bf3 Bd8 73.
Ne4+ Kh4 74. Ne5 Bc7 75. Ng6+ Kh3 76. Ne7 Bd8 77. Nf5 Bb6 78. Kf1 Kh2 79. Bg4
f3 80. Nh4 1-0

[Event "London FIDE GP 1st"]
[Site "London"]
[Date "2012.10.02"]
[Round "10"]
[White "Nakamura, Hikaru"]
[Black "Giri, Anish"]
[Result "1-0"]
[WhiteElo "2783"]
[BlackElo "2730"]
[PlyCount "129"]
[EventDate "2012.09.21"]
[EventType "tourn"]
[EventRounds "11"]
[EventCountry "ENG"]
[EventCategory "20"]
[SourceTitle "CBM 151"]
[Source "ChessBase"]
[SourceDate "2012.11.13"]
[SourceVersion "1"]
[SourceVersionDate "2012.11.13"]
[SourceQuality "1"]

1. e4 e5 2. Nf3 Nf6 3. Nxe5 d6 4. Nf3 Nxe4 5. Qe2 Qe7 6. d3 Nf6 7. Nc3 Qxe2+ 8.
Bxe2 Be7 9. O-O O-O 10. h3 h6 11. Re1 Rd8 12. Nd4 Bf8 13. Bf3 c6 14. b4 Nbd7
15. g3 Nb6 16. Bg2 a5 17. bxa5 Rxa5 18. a4 Nbd7 19. Nb3 Ra6 20. a5 Nc5 21. Nxc5
dxc5 22. Ra4 Nd5 23. Nxd5 cxd5 24. Bf4 Bd7 25. Raa1 Bc6 26. Bc7 Rc8 27. Bb6 Bd6
28. h4 Raa8 29. Bh3 Rcb8 30. c3 Kf8 31. h5 Re8 32. Bg2 Rxe1+ 33. Rxe1 Rc8 34.
Rd1 Be7 35. f4 f6 36. Kf2 d4 37. Bh3 Ra8 38. c4 Bd6 39. Re1 Re8 40. Be6 Re7 41.
g4 Re8 42. f5 Re7 43. Re2 Re8 44. Rb2 Ra8 45. Rb1 Ke8 46. Re1 Be5 47. g5 hxg5
48. h6 gxh6 49. Rxe5 fxe5 50. f6 Bd7 51. f7+ Ke7 52. Bxd7 Kxd7 53. Bxc5 h5 54.
f8=Q Rxf8+ 55. Bxf8 h4 56. Bh6 g4 57. Bg5 h3 58. Bh4 Kd6 59. Bg3 Ke6 60. Ke2
Kd6 61. Kd2 Kc5 62. Bxe5 Kb4 63. Kc2 Kxa5 64. Kb3 Kb6 65. Bxd4+ 1-0